000 02256cam a22003375a 4500
001 016558778
003 Uk
005 20201128023803.0
008 131125s2015 nyua fr 001 0 eng|d
015 _aGBB3B0374
_2bnb
016 7 _a016558778
_2Uk
020 _a9781259255830
020 _a1259255832
040 _aStDuBDS
_beng
_cStDuBDS
_dEG-ScBUE
042 _aukblsr
082 0 4 _222
_a657
_bFIN
245 0 0 _aFinancial & managerial accounting :
_bthe basis for business decisions /
_cJan R. Williams ... [et al.].
246 1 3 _aFinancial and managerial accounting
250 _a17th ed., International student ed.
260 _aNew York :
_bMcGraw-Hill Education,
_cc.2015.
300 _axxxii, 1147 p., 77 p. in various foliations :
_bcol. ill. ;
_c28 cm.
500 _aIndex : p. I- I-20.
505 _aAccounting: information for decision making -- Basic financial statements -- The accounting cycle : capturing economic events -- The accounting cycle : accruals and deferrals -- The accounting cycle : reporting financial results -- Comprehensive problem I ; Merchandising activities -- Financial assets -- Inventories and the cost of goods sold -- Comprehensive problem 2; Plant and intangible assets -- Liabilities -- Stockholders' equity : paid-in capital -- Comprehensive problem 3; Income and changes in retained earnings -- Statement of cash flows -- Financial statement analysis -- Comprehensive problem 4; Global business and accounting -- Management accounting : a business partner -- Job order cost systems and overhead allocations -- Process costing -- Costing and the value chain -- Cost-volume-profit analysis -- Incremental analysis -- Comprehensive problem 5; Responsibility accounting and transfer pricing -- Operational budgeting -- Standard cost systems -- Rewarding business performance -- Comprehensive problem 6; Capital budgeting.
650 7 _aAccounting.
_2BUEsh
_99036
650 7 _aManagerial accounting.
_2BUEsh
_91343
651 _2BUEsh
653 _bBUSADM
_cAugust 2016
700 1 _aWilliams, Jan R.
_91508
856 _uhttp://highered.mheducation.com/sites/007802577x/information_center_view0/index.html
_yOnline learning center for students and instructors
942 _2ddc
_e22
_k657 FIN
999 _c22142
_d22114